| 000 | 00404nam a2200169Ia 4500 | ||
|---|---|---|---|
| 008 | 131103s9999 xx 000 0 und d | ||
| 040 | _aLoreto College | ||
| 041 | _aEnglish | ||
| 082 |
_aF/POP _bLCBED/6580 |
||
| 100 | _aPope, Ray | ||
| 245 | 4 |
_aThe drum _cRay Pope |
|
| 260 |
_aLondon _bPan _c1968 |
||
| 300 |
_a143 p. _c 18 cm. |
||
| 650 | _aEnglish fiction | ||
| 850 | _aLCBED/F/POP | ||
| 942 | _cBK | ||
| 999 |
_c33061 _d83540 |
||